Za sto let se změní svět (Nějak bylo, nějak bude) : pochodová píseň /

Hlavní autor: Mlejnek, Jindra
Další autoři: Tichý, František Alois, 1898-1971
Jazyk: Čeština
Vydáno: Praha : Grando, c1937
Fyzický popis: 20 hlasů
Hudebniny Hudebniny
Uloženo v:
LEADER 00944ncm a22002412a 4500
001 001331927
003 CZ BrMZK
005 20140512130959.0
007 qu
008 091013s1937 xr |||||||||||||||||cze d
040 |a BOA001  |b cze 
072 7 |a 785  |x Instrumentální hudba. Symfonická hudba. Hudba pro více nástrojů  |2 Konspekt  |9 9 
100 1 |a Mlejnek, Jindra  |7 jx20090806010  |4 cmp  |4 lyr 
245 1 0 |a Za sto let se změní svět  |h [hudebnina] :  |b (Nějak bylo, nějak bude) : pochodová píseň /  |c slova a hudba: Jindra Mlejnek ; arrang.: F.A. Tichý 
260 |a Praha :  |b Grando,  |c c1937 
300 |a 20 hlasů 
500 |a Party klavíru a houslí podloženy textem 
500 |a Univerzální orchestr 
700 1 |a Tichý, František Alois,  |d 1898-1971  |7 jk01132411  |4 lyr 
910 |a BOA001  |b Mus4-0173.791 
990 |a MU 
991 |b 201310 
996 6 |b 2619606959  |c Mus4-0173.791  |l MZK  |r Sklad / do 1 hodiny  |n 0  |w 001366893  |u 000010  |a 1  |e BOA001  |j MZK50  |s P